|
|
|
|
| LEADER |
00000cam a2200000 7i4500 |
| 001 |
0000028306 |
| 005 |
20160330.0 |
| 008 |
091126 |
| 020 |
|
|
|a 9831978542
|
| 090 |
0 |
0 |
|a BOO
|b ENG
|
| 245 |
1 |
4 |
|a The book of nightmare tales
|c edited by Ruskin Bond
|
| 260 |
|
|
|a Kuala Lumpur :
|b Synergy Media
|
| 440 |
|
|
|a Ghost story
|
| 500 |
|
|
|a Teenager ages 13-18 years old (blue)
|
| 650 |
|
0 |
|a Ghost stories, indic (English)
|
| 700 |
1 |
|
|a Bond, Ruskin
|
| 999 |
|
|
|a 0001058580
|b Book
|c Teenagers
|e Perbadanan Perpustakaan Awam Johor
|
| 999 |
|
|
|a 0001058581
|b Book
|c Teenagers
|e Perbadanan Perpustakaan Awam Johor
|
| 999 |
|
|
|a 0001058582
|b Book
|c Teenagers
|e Perbadanan Perpustakaan Awam Johor
|
| 999 |
|
|
|a 0001058583
|b Book
|c Teenagers
|e Perbadanan Perpustakaan Awam Johor
|